Письма Ове.../швед./

Доступно только в Электронных читальных залах Найти на картеНа карте
RUSMARC
00004266nac2a22003133x 450
0010c501762-d0e2-4347-a276-e9c6642578a6
00520211214175633.0
100##$a20211122l19101917k y0rusy50 ca
1010#$arus
$aswe
$afre
102##$aRU
105##$ay z |||e|
1222#$ad19101005
$ad19170209
2001#$aПисьма Ове.../швед./
$j05 октября 1910 - 09 февраля 1917
215##$a13 листов
251##$cДело
300##$aЗаголовок дела на папке: Письма Ове...
300##$aНа папке дела: 5 октября 1916-9 февраля 1917
300##$aЧасть текста на шведском и французском языках
300##$aЛист: 1 - конверт с маркой
300##$aРукописный текст
330##$aВходит в раздел описи: 7. Письма разных лиц к разным лицам
461#0$1001ff9fc58f-089b-437b-980d-902343bc59d8
$12001
$aШиллинг Маврикий Фабианович, барон, секретарь русского посольства в Вене
$1251
$cФонд
$1852
$j813
462#0$1001665c067c-d934-4316-b9df-5bf0ad49190b
$12001
$aДела постоянного хранения. 1817-1917
$vД. 496
$1251
$cОпись
$1852
$j1
5171#$aПисьма Ове...
600#1$aШиллинг
$bМ. Ф.
$cбарон
$gМаврикий Фабианович
600#1$aОве
801#0$aRU
$bGA_RF
801#1$aRU
$bГлавНИВЦ
$c20211122
$2rusmarc
801#2$aRU
$bПБ им. Б.Н. Ельцина
$c20211214
$gRCR
$2rusmarc
852##$aГА РФ
$j496
937##$d171603429
$hГАРФ
035##$aRuPRLIB51061382
856##$uhttp://readingroom.main.prlib.ru/item.aspx?id_node=n171603429&mode=full
Формат отображения